MARC

LEADER 00000nas a22000007i 4500
001 ssj0000866571
003 WaSeSS
005 20200512172242.0
006 m d
007 cr n
008 120806c20139999paufr p s | a0eng
010 |a  2012203227 
022 |a 2169-0812 
035 |a (WaSeSS)ssj0000866571 
037 |b University Library System, University of Pittsburgh, 3960 Forbes Avenue, Pittsburgh, PA 15260 
040 |a DLC  |b eng  |c DLC  |d OCLCO  |d OCLCQ  |d DLC  |d DKU  |d OCLCO  |d CUS  |d OCLCF  |d AU@  |d WaSeSS 
042 |a pcc  |a nsdp 
050 1 4 |a D1 
082 1 0 |a 907  |2 23 
222 0 |a Journal of world-historical information 
245 0 0 |a Journal of world-historical information  |h [electronic resource]. 
246 1 |a JWHI 
260 |a Pittsburgh, PA :  |b University Library System, University of Pittsburgh  |c 2013- 
310 |a Semiannual 
362 1 |a Began with: Vol. 1, no. 1 (2013). 
506 |a License restrictions may limit access. 
588 |a Description based on: Vol. 1, no. 1 (2013); title from banner (jwhi.pitt.edu website, viewed Aug. 29, 2014). 
588 |a Latest issue consulted: Vol. 1, no. 1 (2013) (viewed Aug. 29, 2014). 
650 0 |a World history  |v Periodicals. 
650 0 |a World Heritage areas  |v Periodicals. 
650 7 |a World Heritage areas.  |2 fast  |0 (OCoLC)fst01180729 
650 7 |a World history.  |2 fast  |0 (OCoLC)fst01181345 
655 0 |a Electronic journals. 
710 2 |a University of Pittsburgh.  |b University Library System. 
856 4 0 |z Full text available from Research Library: 01/01/2013 to 12/31/2015  |u https://search.proquest.com/publication/2029659 
856 4 0 |z Full text available from Research Library: 01/01/2017 to 01/31/2017  |u https://search.proquest.com/publication/2029659